Organizational Behavior 19th Ed. (Record no. 19163)
[ view plain ]
| 000 -LEADER | |
|---|---|
| fixed length control field | 00425nam a2200157Ia 4500 |
| 008 - FIXED-LENGTH DATA ELEMENTS--GENERAL INFORMATION | |
| fixed length control field | 221220s9999 xx 000 0 und d |
| 020 ## - INTERNATIONAL STANDARD BOOK NUMBER | |
| ISBN | 978-93-5460-077-8 |
| 100 ## - MAIN ENTRY--AUTHOR NAME | |
| Personal name | S. L. McShane |
| 245 #0 - TITLE STATEMENT | |
| Title | Organizational Behavior 19th Ed. |
| Statement of responsibility, etc | by S. L. McShane, M. A. V. Glinow |
| 250 ## - EDITION STATEMENT | |
| Edition statement | 9th Ed. |
| 260 ## - PUBLICATION, DISTRIBUTION, ETC. (IMPRINT) | |
| Name of publisher | McGraw Hill Pub. |
| Place of publication | India |
| Year of publication | 2022 |
| 300 ## - PHYSICAL DESCRIPTION | |
| Number of Pages | 591 |
| 650 ## - SUBJECT ADDED ENTRY--TOPICAL TERM | |
| Topical Term | Management |
| 700 ## - ADDED ENTRY--PERSONAL NAME | |
| Personal name | M. A. V. Glinow |
| 942 ## - ADDED ENTRY ELEMENTS (KOHA) | |
| Koha item type | Books |
| Accession Number | Cost, normal purchase price | Bill Date | Source of acquisition | Price effective from | Koha item type | Withdrawn / writtenoff status | Materials specified (bound volume or other part) | Damaged status | Not for loan | Permanent Location | Current Location | Shelving location | Date acquired | Lost/ Missing status | department |
|---|---|---|---|---|---|---|---|---|---|---|---|---|---|---|---|
| BBA 226 | 895.00 | 50 | ABD, Jammu | 12/20/2022 | Books | Not For Loan | MIET Library, Jammu | MIET Library, Jammu | 173/2 | BBA | |||||
| BBA 228 | 895.00 | 50 | ABD, Jammu | 12/20/2022 | Books | MIET Library, Jammu | MIET Library, Jammu | 189/2 | BBA | ||||||
| BBA 229 | 895.00 | 50 | ABD, Jammu | 12/20/2022 | Books | MIET Library, Jammu | MIET Library, Jammu | 189/2 | BBA | ||||||
| BBA 230 | 895.00 | 50 | ABD, Jammu | 12/20/2022 | Books | MIET Library, Jammu | MIET Library, Jammu | 189/2 | BBA |